Tratado de pancreatología (Registro nro. 326155)
[ vista simple ]
| 000 -ENCABEZADO | |
|---|---|
| Número de control [NR] | 01371nam a22003377a 4500 |
| 005 - FECHA Y HORA DE LA ÚLTIMA TRANSACCIÓN | |
| control field | 20260306165641.0 |
| 008 - DE LONGITUD FIJA DE DATOS DE ELEMENTOS - INFORMACIÓN GENERAL | |
| Elementos de longitud fija [NR] | 260306b ||||| |||| 00| 0 eng d |
| 020 ## - NUMERO INTERNACIONAL NORMALIZADO PARA LIBROS [R] | |
| Número Internacional Normalizado del libro [NR] | 9786289560268 (2a.Ed.) |
| 040 ## - FUENTE DE CATALOGACION [NR] | |
| Agencia de catalogación original [NR] | CO-BoUCM |
| Idioma de catalogación [NR] | spa |
| Quien Cataloga | Sandra Palacio |
| Quien Clasifica | Sandra Palacio |
| 041 ## - CODIGO DE IDIOMA [R] | |
| Código de idioma para texto/pista de sonido o título separado [R] | Español |
| 060 ## - SIGNATURA TOPOGRAFICA DE LA BIBLIOTECA NACIONAL DE MEDICINA (NLM) [R] | |
| Número clasificador [R] | WI 800 |
| 100 ## - ASIENTO PRINCIPAL--NOMBRE PERSONAL [NR] | |
| Nombre personal [NR] | Aponte Martín, Diego Mauricio |
| ID Autoridad | 89724 |
| 245 ## - MENCION DE TITULO [NR] | |
| Título [NR] | Tratado de pancreatología |
| Parte restante del título [NR] | Actualizado |
| Mención de responsabilidad, etc. [NR] | Diego Mauricio Aponte Martín, Jhon Carvajal Gutiérrez, Gabriel Mosquera Klinger, Juan David Linares Ramírez Y Robin Germán Prieto Ortiz |
| 260 ## - PUBLICACION, DISTRIBUCION, ETC. (PIE DE IMPRENTA) [R] | |
| Lugar de publicación, distribución, etc. [R] | Bogotá, Colombia |
| Nombre del editor, distribuidor, etc. [R] | Asociación Colombiana de Gastroenterología |
| Fecha de publicación, distribución, etc. [R] | 2026 |
| 300 ## - DESCRIPCION FISICA [R] | |
| Extensión [R] | 800 páginas |
| 650 ## - ASIENTO SECUNDARIO DE MATERIA - TERMINO TEMATICO [R] | |
| Término temático o nombre geográfico como elemento de entrada [NR] | Pancreatología |
| Subdivisión de forma [R] | tratado |
| 9 (RLIN) | 188241 |
| 650 ## - ASIENTO SECUNDARIO DE MATERIA - TERMINO TEMATICO [R] | |
| Término temático o nombre geográfico como elemento de entrada [NR] | Pancreatitis |
| 9 (RLIN) | 21032 |
| 653 ## - TERMINO DE INDIZACION - NO CONTROLADO [R] | |
| Término de indización no controlado [R] | Pancreatitis aguda |
| 653 ## - TERMINO DE INDIZACION - NO CONTROLADO [R] | |
| Término de indización no controlado [R] | Pancreatitis crónica |
| 653 ## - TERMINO DE INDIZACION - NO CONTROLADO [R] | |
| Término de indización no controlado [R] | Pancreatitis autoinmune |
| 653 ## - TERMINO DE INDIZACION - NO CONTROLADO [R] | |
| Término de indización no controlado [R] | Cáncer de pancreas |
| 653 ## - TERMINO DE INDIZACION - NO CONTROLADO [R] | |
| Término de indización no controlado [R] | Tumores quísticos del pancreas |
| 700 ## - ASIENTO SECUNDARIO - NOMBRE PERSONAL [R] | |
| Nombre personal [NR] | Carvajal Gutiérrez, Jhon |
| 9 (RLIN) | 188242 |
| 700 ## - ASIENTO SECUNDARIO - NOMBRE PERSONAL [R] | |
| Nombre personal [NR] | Mosquera Klinger, Gabriel |
| 9 (RLIN) | 188243 |
| 700 ## - ASIENTO SECUNDARIO - NOMBRE PERSONAL [R] | |
| Nombre personal [NR] | Linares Ramírez, Juan David |
| 9 (RLIN) | 188244 |
| 700 ## - ASIENTO SECUNDARIO - NOMBRE PERSONAL [R] | |
| Nombre personal [NR] | Prieto Ortiz, Robin Germán |
| 9 (RLIN) | 188245 |
| 710 ## - ASIENTO SECUNDARIO - NOMBRE CORPORATIVO [R] | |
| Nombre corporativo o de jurisdicción como elemento de entrada [NR] | Asociación Colombiana de Gastroenterología |
| 9 (RLIN) | 188246 |
| 710 ## - ASIENTO SECUNDARIO - NOMBRE CORPORATIVO [R] | |
| Nombre corporativo o de jurisdicción como elemento de entrada [NR] | Organización Panamericana de Gastroenterología |
| 9 (RLIN) | 188247 |
| 710 ## - ASIENTO SECUNDARIO - NOMBRE CORPORATIVO [R] | |
| Nombre corporativo o de jurisdicción como elemento de entrada [NR] | Unisanitas |
| 9 (RLIN) | 188248 |
| 942 ## - ELEMENTOS DE ENTRADA AGREGADOS (KOHA) | |
| Sistema de clasificación | NLM |
| Tema principal | Ciencias de la salud |
| Tipo de ítem principal el descrito en 300a | Libro |
| Edición | 1 |
| Clasificación | WI 800 |
| Parte restante de la signatura top. | P188tp |
| Total préstamos | Signatura topográfica | Código de barras | Última vez visto | Volúmen / Fascículo | Ejemplar | Price effective from | Tipo de ítem | Perdido | Sistema de clasificación | Dañado | No prestable | Tipo de ítem específico | Suprimido | Ubicación habitual | Ubicación actual | Localización | Fecha de creación | Forma de adquisición |
|---|---|---|---|---|---|---|---|---|---|---|---|---|---|---|---|---|---|---|
| WI 800 P188tp | 100174908 | 12/03/2026 | 2a.Ed. | Ej.1 | 06/03/2026 | Libro | NLM | Libro | Quinta de Mutis | Quinta de Mutis | 2do piso | 06/03/2026 | Donación |